000 01279nam a22003377a 4500
003 CHAP
005 20220329143322.0
008 080606s2004 mx a r 00010 spa d
010 _a94900
011 _a95872
020 _a9707640294
035 _a106504
040 _cCHAP
082 0 0 _a331.6272
_bL3
100 1 _aLanly, Guillaume
_964781
245 1 0 _aClubes de migrantes oriundos mexicanos en los Estados Unidos :
_bla política transnacional de la nueva sociedad civil migrante
_c/compilado por Guillaume Lanly y M. Basilia Valenzuela V.
260 _aZapopan, Jal. :
_bCentro Universitario de Ciencias Económico Administrativas,
_c2004
300 _a491 p. :
_bgráfs. ; cuadros ; mapas
590 _aBATCH-UPD
_b10
_c20130110
_lUCH01
_h0833
590 _aBATCH-UPD
_b10
_c20130410
_lUCH01
_h0511
590 _aBATCH-UPD
_b10
_c20130914
_lUCH01
_h1259
590 _aCONVERSION
_b10
_c20130109
_lUCH01
_h1352
650 1 4 _aEmigración e inmigración.
_936517
650 1 4 _aMexicanos en E. U. A.
_975272
650 1 4 _aSociedades.
_9108114
650 1 4 _aTrabajadores migratorios
_zMéxico.
_9114481
700 1 _aValenzuela V., M. Basilia
_9117506
901 _aBK
942 _cLIBRO
949 _a331.6272 L3
_bBC
_cLIBRO
_d33724002058306
_eLIBRO
_gDonaciØn
_h109625
_i106504
_sb
999 _c94900
_d94900